<The> implicit midpoint rule applied to discontinuous differential equations.
Analýza numerického riešenia úloh počiatočnej hodnoty pomocou známeho pravidla implicitného stredného bodu. Diferenciálne rovnice sa transformujú na diferenciálne inklúzie podľa metódy Filippova. Výsledky tvoria teoretický základ pre numerické riešenie úloh, týkajúcich sa dynamiky vozidiel, mechanic...
Guardado en:
| Autor principal: | |
|---|---|
| Formato: | Capítulo de libro |
| Lenguaje: | inglés |
| Materias: | |
| Etiquetas: |
Sin Etiquetas, Sea el primero en etiquetar este registro!
|
MARC
| LEADER | 00000naa a2200000 4500 | ||
|---|---|---|---|
| 001 | r009950 | ||
| 005 | 20221130112641.2 | ||
| 041 | 0 | |a eng | |
| 044 | |a AT | ||
| 245 | 1 | 0 | |a <The> implicit midpoint rule applied to discontinuous differential equations. |c A.E. Kastner-Maresch |
| 520 | |a Analýza numerického riešenia úloh počiatočnej hodnoty pomocou známeho pravidla implicitného stredného bodu. Diferenciálne rovnice sa transformujú na diferenciálne inklúzie podľa metódy Filippova. Výsledky tvoria teoretický základ pre numerické riešenie úloh, týkajúcich sa dynamiky vozidiel, mechanických systémov so suchým a coulombovským trením, alebo populačnej biológie. Opis algoritmu a numerické testy. | ||
| 610 | 2 | 0 | |a metódy matematické |
| 610 | 2 | 0 | |a algoritmy |
| 610 | 2 | 0 | |a testy |
| 100 | 1 | |a Kastner-Maresch, A.E. | |